MDQL
is popping MORE tags! Check the
thread
!
Quizzes
Events
Quiz Creation
Community
Videos
Private Events
Remove Ads
Sign In
Join for FREE
Feedback
Dark Mode
Quiz Categories
Sports
Geography
Music
Movies
Television
Just For Fun
Miscellaneous
History
Literature
Language
Science
Gaming
Entertainment
Religion
Holiday
For Kids
Quiz Lab
Recent
Popular Today
Quiz Kudos Today
Editor Picks
Curator Picks
Quizzes by...
Day
Popularity
Type
Ratings
Length
Year
Community
Subscriptions
Recent Discussions
Orange Saloon
Badges
Playlists
Quests
Create
Leaderboards
Showdown
Live 5
Trivia Bingo
Activity
Puzzle Library
Sporcle Events
Private Events
Virtual Trivia
Globe League
Become a Host
Pub Owners
SporcleCon
Opinionation
Our Games
Videos
Blog
Mobile Apps
Partnerships
Remove Ads and Go Orange
Feedback
Sports
Athletes
MLB
NBA
NHL
NFL
Soccer
Sports Teams
WWE
NCAA
Football
Premier League
Basketball
Baseball
Hockey
Golf
Tennis
Cricket
Rugby
Auto Racing
Olympics
World Cup
Sports
Athletes
MLB
NBA
NHL
NFL
Soccer
Sports Teams
WWE
NCAA
Football
Premier League
Basketball
Baseball
Hockey
Golf
Tennis
Cricket
Rugby
Auto Racing
Olympics
World Cup
Random Quiz
Search Sporcle
×
Quiz Lab
Quiz Lab
Sports
Runner
Type in answers that appear in a list
Type in answers that appear in a list
Classic
Best Score? Go Orange.
Super Bowl Wins Stats
Can you name the Super Bowl Wins?
By
PirateBaller24
10m
44 Questions
162 Plays
162 Plays
162 Plays
Comments
Comments
Give Quiz Kudos
Give Quiz Kudos
-
- Ratings
hide this ad
Forced Order
Answers have to be entered in order
Answers have to be entered in order
Replay
Link that replays current quiz
Next Quiz
Link to next quiz in quiz playlist
You Got
0%
They Got
Avg Score
84%
Avg Friend Score
Upgrade to see
Score Distribution
Jump to the score distribution portion of the page
Score
0/44
Timer
10:00
0
Plays Today
Super Bowl
Champions
% Correct
I
Packers
96.3%
II
Packers
95.1%
XLIII
Steelers
93.8%
XL
Steelers
93.2%
XLI
Colts
93.2%
XLII
Giants
93.2%
XXXVIII
Patriots
92%
XXXIX
Patriots
92%
III
Jets
91.4%
XXXVI
Patriots
90.1%
XXX
Cowboys
88.9%
XXXII
Broncos
88.9%
XXXIV
Rams
88.9%
XXXI
Packers
88.3%
XXXIII
Broncos
88.3%
V
Colts
87.7%
XXVII
Cowboys
87.7%
XXVIII
Cowboys
87.7%
XXV
Giants
86.4%
XXIX
49ers
85.2%
XIII
Steelers
84.6%
XXVI
Redskins
84.6%
Super Bowl
Champions
% Correct
X
Steelers
84%
XIV
Steelers
84%
XXIII
49ers
84%
IV
Chiefs
83.3%
IX
Steelers
83.3%
XXIV
49ers
83.3%
XXI
Giants
82.7%
XXXVII
Buccaneers
82.7%
VI
Cowboys
82.1%
XII
Cowboys
82.1%
XXII
Redskins
82.1%
XXXV
Ravens
82.1%
XIX
49ers
80.9%
VII
Dolphins
80.2%
XV
Raiders
80.2%
XVI
49ers
80.2%
XI
Raiders
79%
VIII
Dolphins
78.4%
XVII
Redskins
78.4%
XVIII
Raiders
78.4%
XX
Bears
78.4%
XLIV
Saints
42.6%
Quiz Playlist
Details
Report
Send in Message
Add To Playlist
Classic:
Type in answers that appear in a list
Forced Order:
Answers have to be entered in order
Last Updated: Feb 16, 2017
Quiz Scoreboard
CHALLENGE
Sign Up to Join the Scoreboard
Show All
Scores
Hide
Comments
May contain spoilers
Recently Published
1-10 Letter E Words III
by El_Dandy
Language
2m
Street Fighter Characters
by Artimus82
Gaming
60s
College Basketball Coaching Resumes
by pancakes188
Sports
9m
More to Explore
Quiz From the Vault
Featured Blog Post
Where Did the Easter Bunny Come From?
hide this ad
You Might Also Like...
Tags
Bowl
champion
Runner
Super Bowl
Win
Today's Top Quizzes in Sports
Browse Sports
hide this ad
Today's Top Quizzes in Runner
Browse Runner
Top Contributed Quizzes in Sports
1
2022 World Cup Stars
2
Les meilleurs buteurs des matchs entre le PSG et l’OM
3
FIFA Club World Cup Champions
4
Les entraîneurs de l'OM et du PSG au 21e siècle
5
Criteria MLB: Left Handed Sluggers
6
2023 MLB Unique Player Accomplishments
7
AFC Teams Reveal (Wrong Answers Minefield)
8
Players with Multiple 50 Home Run Seasons
9
5-to-1: FBS Animal Nicknames
10
5-to-1: UK Sports Teams
Explore More
Trending Topics
Harry Potter
Disney
Kpop
Crossword
NBA
Anime
Marvel
Country
Song
Pokémon
NFL
Puzzle
WWE
Soccer
The Office
hide this ad
More By:
PirateBaller24
Quiz
Plays
Rating
Category
Featured
Created
ABC Pirates of the Caribbean
2,440
2.00
Movies
Jan 23, 2010
Percy Jackson and the Olympians
1,346
1.50
Literature
Feb 15, 2010
Pirates of the Caribbean
1,249
1.75
Movies
Jan 13, 2010
REAL Taylor Swift Songs
1,079
2.25
Music
Jan 12, 2010
Pirates of the Caribbean Ships
1,079
2.50
Movies
Mar 5, 2010
Go to Creator's Profile
Score Distribution
Quiz Creator Spotlight
PirateBaller24
Follow
Send a Message
Quizzes Created
-
Created Quiz Play Count
-
More By This Creator
Popular Quizzes Today
1
Find the US States - No Outlines Minefield
2
Find the Countries of Europe - No Outlines Minefield
3
The Countries of the World
4
Find the US States
5
Risky Map Clicking: Biggest States A-Z
6
US States
7
Popular People in 1961
8
Movies - When Are They Set?
More Sports Quizzes
100 Greatest MLB Players According to Bleacher Report
Quiz Lab
Trending Quizzes
Risky Map Clicking: Least Populous States A-Z
USA Borders Longest to Shortest
1-10 Letter G Words
1-10 Letter F Words
Countries of the World: 200 Million BC
Recently Updated
Leaping Animals
pecheneg
Reality TV Shows (A-Z)
bhenderson79
Rickey Henderson's Hall of Fame Teammates
pecheneg
Champions League XIs: Arsenal
pecheneg
Quick Pick: Celebrities in WWE's Hall of Fame
aduchscher
A-Z Keypad Blitz II
pecheneg
Multiple Oscar Actors
pecheneg
Mystery Phrase Blitz: Oscar 'Best Actors'
pecheneg
F. Scott Fitzgerald Novels
LTH
Pick 3 Villains
ddd62291
Trending Topics
NBA
Marvel
Anime
Kpop
Harry Potter
Crossword
Disney
NFL
WWE
Pokémon
Song
Puzzle
The Office
Country
Soccer
Your Account Isn't Verified!
In order to create a playlist on Sporcle, you need to verify the email address you used during registration. Go to your
Sporcle Settings
to finish the process.
Report this User
Report this user for behavior that violates our
Community Guidelines
.
Details:
Send Report
Go to the Sporcle.com Mobile Site →
Comments